00774naa#a2200181#i#4500001002000000005001700020011001400037100004100051102000700092200017600099210008300275215001000358608004500368675005400413686005900467700005200526856001400578RU\NORMA\bibl\2402320260513003145.3##a1605-6590##a20181020b2018####ek#y0rusy0150####ca##aRU1#aКоррупционные проявления в области водных отношений и меры по их снижениюeЖурнальная статья1#aМоскваcЮридическое издательство Нормаd2018##a0 с.##aЖурнальная статья2local##aПраво. Юридические науки. 34##aПраво. Юридические науки. 672bbk#1aСиваковgДмитрий Олегович4#azh-szf.ru